Determinación de la rigidez efectiva en una vivienda de mampostería de concreto integral a partir de mediciones de vibraciones ambientales
সংরক্ষণ করুন:
| প্রধান লেখক: | |
|---|---|
| অন্যান্য লেখক: | |
| বিন্যাস: | গ্রন্থ |
| ভাষা: | Spanish |
| প্রকাশিত: |
[San José], Costa Rica
2019.
|
| বিষয়গুলি: | |
| ট্যাগগুলো: |
ট্যাগ যুক্ত করুন
কোনো ট্যাগ নেই, প্রথমজন হিসাবে ট্যাগ করুন!
|
MARC
| LEADER | 00000nam a22000007a 4500 | ||
|---|---|---|---|
| 003 | 013037 | ||
| 005 | 20230627110248.0 | ||
| 008 | 190510b2019 c a|||| |||| 00| ||spa d | ||
| 040 | |c cru CEDI | ||
| 100 | |9 793 |a Vásquez Rodríguez, Albert Josué, 1990- | ||
| 245 | |a Determinación de la rigidez efectiva en una vivienda de mampostería de concreto integral a partir de mediciones de vibraciones ambientales | ||
| 260 | |a [San José], Costa Rica |c 2019. | ||
| 500 | |a Proyecto de graduación (licenciatura en ingeniería civil)--Universidad de Costa Rica. Facultad de Ingeniería. Escuela de Ingeniería Civil. | ||
| 501 | |a Director de Proyecto de Graduación: Dr. Ing. Diego A. Hidalgo-Leiva | ||
| 650 | |x VIBRACION (INGENIERIA) - MEDICIONES |x ARQUITECTURA DOMESTICA - MEDICIONES - VALLE CENTRAL (COSTA RICA) |x ANALISIS ESTRUCTURAL (INGENIERIA) |x DINAMICA DE ESTRUCTURAS |x MAMPOSTERIA DE HORMIGON - PRUEBAS | ||
| 700 | |9 160 |a Hidalgo Leiva, Diego Antonio, 1984- |d Director del TFG | ||
| 942 | |c CEDI |h TFG 8187 |6 TFG_8187_000000000000000 | ||
| 999 | |c 21679 |d 21679 | ||
